Europa: Geografie mit T - Statistiken

Allgemein
  • Dieses Quiz wurde 196 mal gespielt
  • Das Durchschnittsergebnis liegt bei 10 aus 16
Antwortstatistiken
Hinweis Antwort % Korrekt
Die markanteste und berühmteste Brücke, die den oben gesuchten Fluss überquert {Tower} Bridge
97%
Fluss durch Oxford und London Themse
96%
Nur ein kleiner Teil dieses Landes, darunter der Westteil seiner größten Stadt, gehört zu Europa Türkei
96%
Land im östlichen Mitteleuropa, in dem die Elbe und die Oder entspringen Tschechien
92%
Viertgrößte Stadt Frankreichs, in der sich die Konzenzentrale von Airbus befindet Toulouse
82%
Solche Bauwerke führen z. B. unter dem Ärmelkanal, unter dem Gotthard und unter der Elbe hindurch Tunnel
81%
Österreichisches Bundesland, das vom Land Salzburg in einen größeren Nord- und einen kleineren Ostteil geteilt wird Tirol
69%
Europäische Hauptstadt, deren Flughafen nach Mutter Teresa benannt wurde Tirana
62%
Hochgebirgsregion in den Zentralalpen, zu der auch Österreichs höchster Berg, der Großglockner, gehört Hohe {Tauern}
44%
In der Nidaros-Kathedrale in dieser Stadt wurden im Mittelalter die norwegischen Könige gekrönt Trondheim
44%
Längster Fluss auf der Iberischen Halbinsel, der durch die oben gesuchte Stadt fließt und bei Lissabon in den Atlantik mündet Tejo
41%
Schweizer Kanton am Bodensee mit dem Hauptort Frauenfeld Thurgau
38%
Abtrünniger Landesteil der Republik Moldau mit der Hauptstadt Tiraspol Transnistrien
38%
Die Stadt war die Hauptstadt des Westgotenreichs, Residenz des Königreichs Kastilien und bis 1561 die Hauptstadt Spaniens Toledo
32%
Schwer zu buchstabierender Teil des Mittelmeers zwischen Westitalien, Sizilien, Sardinien und Korsika {Tyrrhenisches} Meer
32%
Zentraler Platz und Verkehrsknotenpunkt in Istanbul, zu dem man über die Einkaufsstraße İstiklal Caddesi gelangt {Taksim}-Platz
15%
Keine übereinstimmenden Quizze gefunden
Verteilung der Resultate
Anzahl Personen mit jedem Resultat
Perzentil nach korrekt beantworteten Fragen
Ihre Resultats-Entwicklung
Sie haben dieses Quiz noch nicht gespielt